México: La educación hoy /

Guardat en:
Dades bibliogràfiques
Autor principal: Guevara González, Iris
Format: Text
Etiquetes: Afegir etiqueta
Sense etiquetes, Sigues el primer a etiquetar aquest registre!

MARC

LEADER 00000 a a2200000 04500
001 45772
003
040
100 |a Guevara González, Iris  
245 |a México:   |b La educación hoy /  |c Iris Guevara González  
773 |g número43 (1989), páginas 3-4  
999 |c 30175  |d 30175